Enterprise development strategies in the knowledge-based economy

Na minha lista:
Detalhes bibliográficos
Outros Autores: Budziewicz-Guźlecka, Agnieszka
Formato: Livro
Idioma:inglês
Publicado em: New York Iglobal Writer 2013
Colecção:Modern challenges of economic entities
Assuntos:
Tags: Adicionar Tag
Sem tags, seja o primeiro a adicionar uma tag!

MARC

LEADER 00000nam a2200000 4500
001 0199883
005 20240315115232.0
020 |a 978-83-63680-98-5 
041 0 |a eng 
044 |a US 
245 1 0 |a Enterprise development strategies in the knowledge-based economy  |c editors: Agnieszka Budziewicz-Guźlecka ... [et al.] 
264 1 |a New York  |b Iglobal Writer  |c 2013 
300 |a 160 s. 
490 1 |a Modern challenges of economic entities 
830 0 |a Modern challenges of economic entities 
610 2 0 |a rozvoj podniku 
610 2 0 |a ekonomika vedomostná 
610 2 0 |a technológie informačné 
610 2 0 |a technológie komunikačné 
610 2 0 |a technológie nové 
610 2 0 |a obchod elektronický 
610 2 0 |a analýza swot 
610 2 0 |a internet 
610 2 0 |a médiá 
610 2 0 |a makroekonomika 
610 2 0 |a nezamestnanosť 
610 2 0 |a vzdelávanie 
610 2 0 |a marketing 
610 2 0 |a kreativita 
610 2 0 |a zamestnanci 
610 2 0 |a podnikanie malé 
610 2 0 |a podnikanie stredné 
610 2 0 |a Poľsko 
700 1 |a Budziewicz-Guźlecka, Agnieszka